Geoinfo Slovakia ´97 geografické a územné informačné systémy : zborník z konferencie so zahraničnou účasťou : Bratislava 24. - 26. 9. 1997
| Corporate Author: | |
|---|---|
| Format: | Conference Proceeding Book |
| Language: | Slovak English Czech |
| PhysicalDescription: | 171 s. tabuľky, mapy, grafy 21 cm |
| Published: |
Bratislava
Dom techniky ZSVTS
1997
|
| ISBN: | 8023303937 |
| Edition: | 1. vyd. |
| Subjects: |
MARC
| LEADER | 00000cam a2200000 a 4500 | ||
|---|---|---|---|
| 001 | vtls009654833 | ||
| 003 | SK-MaSNL | ||
| 005 | 20260301025058.0 | ||
| 008 | 240322s1997 xo ab frn 100 0 slo | ||
| 015 | |a SNBA1997 | ||
| 020 | |a 8023303937 |q (brožované) | ||
| 035 | |a (SVKBBclas03)vtls000025680 | ||
| 040 | |a SNK |b slo |c SNK |e AACR2 | ||
| 041 | 0 | |a slo |a eng |a cze |b eng | |
| 044 | |a xo |c SK | ||
| 072 | 7 | |a 004 |x Počítačová veda. Výpočtová technika. Informačné technológie |2 konspekt | |
| 080 | |a 004:91 |2 2011 | ||
| 080 | |a (062.534) |2 2011 | ||
| 111 | 2 | |a Geoinfo Slovakia ´97 |d (1997 : |c Bratislava, Slovensko) |4 aut |9 320231 | |
| 245 | 1 | 0 | |a Geoinfo Slovakia ´97 |b geografické a územné informačné systémy : zborník z konferencie so zahraničnou účasťou : Bratislava 24. - 26. 9. 1997 |c kolektív autorov |
| 250 | |a 1. vyd. | ||
| 260 | |a Bratislava |b Dom techniky ZSVTS |c 1997 | ||
| 300 | |a 171 s. |b tabuľky, mapy, grafy |c 21 cm | ||
| 504 | |a Obsahuje bibliografické odkazy | ||
| 546 | |a Text aj česky a anglicky | ||
| 546 | |a Resumé anglicky | ||
| 650 | 0 | 7 | |a geoinformatika |2 SNKPH |9 21435 |
| 650 | 0 | 7 | |a Geoinformatics |2 SNKPHeng |9 316655 |
| 655 | 7 | |a zborníky konferencií |2 SNKPH |9 70153 | |
| 655 | 7 | |a Proceedings of conferences |2 SNKPHeng |9 265791 | |
| 919 | |a 8023303937 | ||
| 954 | |a odborná, vedecká literatúra pôvodná (slovenská) |2 lita | ||
| 954 | |a odborná, vedecká literatúra cudzojazyčná (svetová) |2 lita | ||
| 958 | |a EUIPO | ||
| 958 | |a OND | ||
| 958 | |a NB | ||
| 999 | |c 572321 |d 574251 | ||
| 952 | |a SNK |b SNK |y NEVYP |7 0 |o snkC 2399 |i snk4765/971203 |0 0 |1 0 |4 0 |d 1997-12-02 |l 0 |r 2005-01-02 00:00:00 |w 2026-02-23 | ||
| 952 | |a SNK |b SNK |y PREZ |7 0 |p 17A0108273 |o snkSC 94587 |i snkKSP 11871/97 |0 0 |1 0 |4 0 |d 1997-12-02 |f 1 |l 0 |r 2025-09-12 00:00:00 |w 2026-02-23 | ||
| 952 | |a SNK |b SNK |y VYP |7 0 |p 17A0108272 |o snkSC 94587 D1 |i snkKSP 11872/97 |0 0 |1 0 |4 0 |d 1997-12-02 |l 0 |r 2005-01-02 00:00:00 |w 2026-02-23 | ||


